00560 2200193 4500001002100000005001500021035002000036245006700056100001100123250001900134300004300153856003600196700003800232260003800270082001000308084001600318020001800334600001400352INLIS00000000000273320210914104239 a0010-09210000791 aManagement Accounting, buku 1 :bAkuntansi manajemen /cHansen0 aHansen aEdisi Ke tujuh a592 halaman :bIlustrasi ;c21 x 26 cm aPerpustakaan Umum Kota Makassar0 aPenerjemah ; Dewi Fitriasari, MSi aJakarta ; :bSalemba Empat,c2006 a658.1 a658.1 HAN m a979-691-324-0 4aAkuntansi